000 00706nam a2200229 a 4500
999 _c2118
_d2118
001 2118
003 BD-JhCC
005 20171029205125.0
008 171029s2006 bg ||||| ||a| 00| 0 b d
020 _a9844125502
035 _a(BD-JhCC)2118
040 _aBD-JhCC
_dBD-JhCC
041 _aben
082 _a075
_bMAM 2006
100 _aমামুন, মুনতাসির
245 _aউনিশ শতকের বাংলাদেশের সংবাদ সাময়িকপত্র /
_cমুনতাসির মামুন
260 _aঢাকা :
_bঅনন্যা,
_c2006.
300 _a223 p. :
_c20 cm.
650 _aNewspaper
942 _2ddc
_cBK